000 00425nam a2200121Ia 4500
008 171212s9999 xx 000 0 und d
100 _aGoldberg, Steven
245 _cGoldberg, Steven
_aCulture Clash
_bLaw and Science in America
260 _bNew York University Press
_c1994
650 _aLaw
650 _aScience and law; Research -- Law and legislation -- United States
856 _uhttp://www.jstor.org/stable/j.ctt9qfqbm
999 _c351528
_d351528